Universities, knowledge transfer and regional development: geography, entrepreneurship and policy (Record no. 7062)

MARC details
000 -LEADER
fixed length control field 00668nam a2200193Ia 4500
020 ## - INTERNATIONAL STANDARD BOOK NUMBER
ISBN 9781845429317
082 ## - DEWEY DECIMAL CLASSIFICATION NUMBER
Classification number 338.926 UNI-
245 #0 - TITLE STATEMENT
Title Universities, knowledge transfer and regional development: geography, entrepreneurship and policy
260 ## - PUBLICATION, DISTRIBUTION, ETC. (IMPRINT)
Place of publication Cheltenham
Name of publisher Edward Elgar Publishing
Year of publication 2009
300 ## - PHYSICAL DESCRIPTION
Number of Pages viii, 388
504 ## - BIBLIOGRAPHY, ETC. NOTE
Bibliography, etc includes index
650 ## - SUBJECT ADDED ENTRY--TOPICAL TERM
Topical Term Economic development
Form subdivision Effective education on
650 ## - SUBJECT ADDED ENTRY--TOPICAL TERM
Topical Term Academic industrial collaboration
Form subdivision Economic aspects
650 ## - SUBJECT ADDED ENTRY--TOPICAL TERM
Topical Term Universities and colleges
Form subdivision Economic aspects
650 ## - SUBJECT ADDED ENTRY--TOPICAL TERM
Topical Term Regional economics
650 ## - SUBJECT ADDED ENTRY--TOPICAL TERM
Topical Term Technology transfer
Form subdivision Economic aspects
700 ## - ADDED ENTRY--PERSONAL NAME
Personal name Varga, Attila
942 ## - ADDED ENTRY ELEMENTS (KOHA)
Koha item type Books
Holdings
Withdrawn status Lost status Damaged status Not for loan Home library Current library Date acquired Source of acquisition Bill Date Full call number Accession Number Price effective from Koha item type
        NASSDOC Library NASSDOC Library 12/02/2010 SEGM 2009-09-24 338.926 UNI- 46063 18/04/2019 Books